A glimpse into America
Talking about : American people; American geography; The Merican holidays; The American system of education; the American government
Đã lưu trong:
| Định dạng: | Sách |
|---|---|
| Ngôn ngữ: | Undetermined |
| Được phát hành: |
Ha Noi
University of education
2009
|
| Những chủ đề: | |
| Các nhãn: |
Thêm thẻ
Không có thẻ, Là người đầu tiên thẻ bản ghi này!
|
| Thư viện lưu trữ: | Trung tâm Học liệu Trường Đại học Cần Thơ |
|---|
| LEADER | 00745nam a2200205Ia 4500 | ||
|---|---|---|---|
| 001 | CTU_202512 | ||
| 008 | 210402s9999 xx 000 0 und d | ||
| 020 | |c 22000 | ||
| 082 | |a 917.3 | ||
| 082 | |b G559 | ||
| 245 | 2 | |a A glimpse into America | |
| 245 | 0 | |c Le Kim Dung, Nguyen Thi Ha (Complited and edited by) | |
| 260 | |a Ha Noi | ||
| 260 | |b University of education | ||
| 260 | |c 2009 | ||
| 520 | |a Talking about : American people; American geography; The Merican holidays; The American system of education; the American government | ||
| 650 | |a America,America,Mỹ,Mỹ | ||
| 650 | |x Description and travel,Geography,Mô tả và du hành,Địa lý | ||
| 904 | |i Nguyên | ||
| 980 | |a Trung tâm Học liệu Trường Đại học Cần Thơ | ||